And the lavatories? Water closets in the school environment in the 19th century (notice n° 1614745)

détails MARC
000 -LEADER
fixed length control field 01521cam a2200157 4500500
005 - DATE AND TIME OF LATEST TRANSACTION
control field 20260111065959.0
041 ## - LANGUAGE CODE
Language code of text/sound track or separate title fre
042 ## - AUTHENTICATION CODE
Authentication code dc
100 10 - MAIN ENTRY--PERSONAL NAME
Personal name Fougère, Marie-Ange
Relator term author
245 00 - TITLE STATEMENT
Title And the lavatories? Water closets in the school environment in the 19th century
260 ## - PUBLICATION, DISTRIBUTION, ETC.
Date of publication, distribution, etc. 2025.<br/>
500 ## - GENERAL NOTE
General note 50
520 ## - SUMMARY, ETC.
Summary, etc. Community toilets are rarely studied by historians, sociologists or literary scholars: because defecation is abject, taboo and unspeakable, these places must also be hidden, kept away and hushed up. And the imperative of silence was particularly prevalent in the 19th century, a century of propriety if ever there was one. However, a new principle was coming to challenge the existing rules: hygiene, making it particularly urgent to consider latrines in schools. First of all, this consideration required an institutional framework: latrines were the subject of growing attention from legislators and architects anxious to make the most of the instructions issued by hygienists. But there is another moral issue at stake here, as there is a great deal of mistrust of a space that is by definition secluded and therefore conducive to the most morally reprehensible acts. Finally, we might ask what happened to school latrines in nineteenth-century literature, and what kind of reservations there were about them.
786 0# - DATA SOURCE ENTRY
Note Romantisme | 206 | 4 | 2025-01-03 | p. 56-65 | 0048-8593
856 41 - ELECTRONIC LOCATION AND ACCESS
Uniform Resource Identifier <a href="https://shs.cairn.info/journal-romantisme-2024-4-page-56?lang=en&redirect-ssocas=7080">https://shs.cairn.info/journal-romantisme-2024-4-page-56?lang=en&redirect-ssocas=7080</a>

Pas d'exemplaire disponible.

PLUDOC

PLUDOC est la plateforme unique et centralisée de gestion des bibliothèques physiques et numériques de Guinée administré par le CEDUST. Elle est la plus grande base de données de ressources documentaires pour les Étudiants, Enseignants chercheurs et Chercheurs de Guinée.

Adresse

627 919 101/664 919 101

25 boulevard du commerce
Kaloum, Conakry, Guinée

Réseaux sociaux

Powered by Netsen Group @ 2025